|
|
|
|
| LEADER |
00000ny a22000003n 4500 |
| 005 |
2011060608168.0 |
| 008 |
970410s1986 sp s 000 0 spa c |
| 017 |
|
|
|a D.L. M1497-1986
|
| 020 |
|
|
|a 8471305135
|
| 035 |
|
|
|a 536
|
| 040 |
|
|
|a UMA.CEE
|d vLex
|
| 040 |
|
|
|a UMA.RE
|d vLex
|
| 080 |
|
|
|a 347(460)
|
| 090 |
|
|
|c 499
|d 499
|
| 245 |
0 |
0 |
|a Comentarios al Cd̤igo Civil y compilaciones forales
|h [Recurso electrn̤ico]
|c dirigidos por Manuel Albaladejo
|
| 256 |
|
|
|a Servicio en ln̕ea
|
| 260 |
|
|
|a Madrid :
|b Revista de Derecho Privado :
|b Editoriales de Derecho Reunidas,
|c D.L. 1986
|
| 300 |
|
|
|a XIV, 535 p. ;
|c 21 cm
|
| 505 |
0 |
|
|t Tomo XXIX, Vol.3, Artc̕ulos 248 a 276 de la Compilacin̤ de Cataluą /
|r comentados por Pablo Salvador Coderch... [et al.]
|
| 506 |
1 |
|
|a Contenido solo disponible en los productos indicados
|d vLex Global
|d vLex Global (Academic Edition, excluding Law Schools)
|d vLex Global (U.S. Academic Edition, Law Schools)
|d vLex Global (U.S. Academic Edition, excluding Law Schools)
|d vLex Global (Academic Edition, Law Schools)
|
| 650 |
0 |
7 |
|a Civil
|2 Tesauro vLex
|
| 650 |
0 |
7 |
|a Cd̤igo civil
|2 Tesauro vLex
|
| 650 |
0 |
7 |
|a Sucesorio
|2 Tesauro vLex
|
| 650 |
0 |
7 |
|a Derecho foral de Cataluą
|2 Tesauro vLex
|
| 700 |
1 |
|
|a Albaladejo Garca̕, Manuel,
|e dir
|
| 700 |
1 |
|
|a Coderch, Pablo Salvador
|
| 740 |
0 |
|
|a vLex Libros (Servicios en ln̕ea)
|
| 856 |
4 |
0 |
|u http://vlex.com/source/536
|z Acceso restringido
|
| 942 |
|
|
|c BOOK
|